Countries bordering a Country precisely East of it - Statistics

General Stats
  • This quiz has been taken 35 times
  • The average score is 25 of 40
Answer Stats
Country % Correct
Algeria
87%
Niger
87%
Brazil
83%
Egypt
83%
France
80%
Libya
80%
Libya
80%
Mali
80%
Switzerland
80%
Iran
77%
Peru
77%
Iraq
73%
Slovakia
73%
Gabon
70%
Greece
70%
Republic of the Congo
70%
Nigeria
67%
Turkey
67%
Ukraine
67%
Ghana
63%
Serbia
63%
Bosnia and Herzegovina
60%
Botswana
60%
China
60%
Zambia
60%
Malawi
57%
Namibia
57%
Benin
53%
Cote d'Ivoire
53%
Kyrgyzstan
53%
Tajikistan
53%
Dominican Republic
50%
Haiti
50%
Uzbekistan
50%
Azerbaijan
43%
Ethiopia
43%
United Arab Emirates
43%
Armenia
40%
Saudi Arabia
40%
South Sudan
40%
No matching quizzes found
Score Distribution
Percent of People with Each Score
Percentile by Number Answered
Your Score History
You have not taken this quiz